Statistics for FIFA 22 TOTW 28

Click here to take the quiz!

General Stats

  • This quiz has been taken 10 times
  • The average score is 7 of 23

Answer Stats

ClubPositionRatingAnswer% Correct
PSGGK90Keylor Navas
100%
Man UnitedLWB86Luke Shaw
88%
LiverpoolLM85Luis Diaz
75%
PSGRW89Angel Di Maria
63%
FulhamLB79Antonee Robinson
38%
AjaxRW84Antony
38%
MonacoCDM86Aurelien Tchouameni
38%
ArsenalCM84Martin Odegaard
38%
NorwichLW84Milot Rashica
38%
TottenhamST85Steven Bergwijn
38%
VillarrealCB83Aissa Mandi
25%
Real MadridST84Gareth Bale
25%
PortoRM86Otavio
25%
HarrogateCB72Will Smith
25%
AmericaGK83Guillermo Ochoa
13%
WrexhamCM71Jordan Davies
13%
Union SGLM82Kaoru Mitoma
13%
ArsenalCB83Kieran Tierney
13%
Al FayhaLM76Aleksandar Trajkovski
0%
OlympiacosCM81Andreas Bouchalakis
0%
Central Coast MarinersST75Marcos Urena
0%
Club BruggeRM76Tajon Buchanan
0%
Sporting GijonST81Uros Durdevic
0%

Score Distribution

Percentile by Number Answered

Percent of People with Each Score

Your Score History

You have not taken this quiz